What Is Literature / (Record no. 145793)

MARC details
000 -LEADER
fixed length control field 00870nam a22002297a 4500
005 - DATE AND TIME OF LATEST TRANSACTION
control field 20180616162249.0
010 ## - LCCN (DPL NO)
LC control number 1718EN-30ENG-121999 B-689158-859
020 ## - INTERNATIONAL STANDARD BOOK NUMBER
International Standard Book Number 9781138236301
Terms of availability 525.00
035 ## - SYSTEM CONTROL NUMBER
System control number EN-105531
035 ## - SYSTEM CONTROL NUMBER
System control number B-689158-859
037 ## - SOURCE OF ACQUISITION
Source of stock number/acquisition Atlantic
Stock number dpl
037 ## - SOURCE OF ACQUISITION
Source of stock number/acquisition DBAD/PUB
082 ## - DEWEY DECIMAL CLASSIFICATION NUMBER
Classification number 801
100 ## - MAIN ENTRY--PERSONAL NAME
Personal name Sartre, Jean-Paul
245 ## - TITLE STATEMENT
Title What Is Literature /
Statement of responsibility, etc by Jean-Paul Sartre ; translated by Bernard Frechtman
260 ## - PUBLICATION, DISTRIBUTION, ETC. (IMPRINT)
Place of publication, distribution, etc New Delhi
Name of publisher, distributor, etc Routledge
Date of publication, distribution, etc 2016
270 ## - ADDRESS
Address 912,Tolstoy House, 15-17 Tolstoy Marg, Connaught Place
City New Delhi
Postal code 110001
300 ## - PHYSICAL DESCRIPTION
Extent xxii,251p.
Dimensions 22cm(pbk)
700 ## - ADDED ENTRY--PERSONAL NAME
Personal name Frechtman, Bernard tr.
942 ## - ADDED ENTRY ELEMENTS (KOHA)
Source of classification or shelving scheme Dewey Decimal Classification
Item type English Books
Call number suffix SAR
Classification part 801
Holdings
Withdrawn status Lost status Not for loan Collection code Home library Current library Date acquired Source of acquisition Cost, normal purchase price Full call number Barcode Copy number Cost, replacement price Koha item type
      Non-fiction Ashok Vihar Ashok Vihar 16/06/2018 Atlantic p-CUS103131/30.11.17/637/20.11.17/19.1.18 525.00 801 SAR B-689159 1 525.00 English Books
    Not For Loan Non-fiction D.B.Act.Division Bawana 06/01/2018 DBAD/PUB 525.00 801 SAR EN-105531 1 525.00 English Books
      Non-fiction Central Library Central Library 16/06/2018 Atlantic p-CUS103131/30.11.17/637/20.11.17/19.1.18 525.00 801 SAR B-689158 1 525.00 English Books

© Delhi Public Library
Hit Counter
free hit counter